[Event "Barcelona Sant Marti op 05th"]
[Site "Barcelona"]
[Date "2003.04.26"]
[Round "1.40"]
[White "Membrive, David"]
[Black "Martinez Robles, David Alberto"]
[Result "0-1"]
[WhiteElo "1700"]
[BlackElo "1935"]
[PlyCount "88"]
[EventDate "2003.04.26"]
[EventType "swiss"]
[EventRounds "9"]
[EventCountry "ESP"]
[SourceTitle "EXT 2004"]
[Source "ChessBase"]
[SourceDate "2003.11.25"]
[SourceVersion "1"]
[SourceVersionDate "2003.11.25"]
[SourceQuality "1"]

1. d4 d5 2. Nf3 Nf6 3. g3 g6 4. Bg2 Bg7 5. b3 0-0 6. Bb2 c6 7. Nbd2 Nbd7 8. Rc1 Qa5 9. a4 Ne4 10. 0-0 Ndf6 11. Qe1 Qb6 12. e3 Re8 13. Nxe4 Nxe4 14. Nd2 Nxd2 15. Qxd2 Bf5 16. Rfe1 Rac8 17. a5 Qd8 18. b4 Qd7 19. c3 e5 20. Ra1 a6 21. Rac1 Bh3 22. c4 Bxg2 23. Kxg2 dxc4 24. Rxc4 Qd5+ 25. Kg1 Qxc4 26. Rc1 Qe6 27. Rc5 exd4 28. Bxd4 Bxd4 29. Qxd4 Rcd8 30. Qf4 Rd1+ 31. Kg2 Qe4+ 32. Qxe4 Rxe4 33. Kf3 Rxb4 34. Re5 Rd5 35. Re8+ Kg7 36. Rb8 Rxa5 37. h4 h5 38. Rd8 Rf5+ 39. Kg2 Rb2 40. Rd1 Rfxf2+ 41. Kg1 Rg2+ 42. Kf1 Rxg3 43. e4 Rh3 44. e5 Rh1# 0-1